000 00918nam a2200241 a 4500
001 000023128
005 20200930022015.0
008 101126s1968 pr 000 d spa d
040 _aDO-SdBNP
_bspa
_cBNPHU
082 _aPR862.44
_bT253p9
245 0 0 _aTeatro puertorriqueño :
_bnoveno festival.
260 _aSan Juan, Puerto Rico :
_bInstituto de Cultura Puertorriqueña,
_c1968.
300 _a461 p. :
_bil. ;
_c22 cm.
505 0 _tLos soles truncos /
_rRené Marqués. --
_tMi señoría /
_rLuis Rechani Agrait. --
_tVejigantes /
_rFrancisco Arriví.--
_tBienvenido, don Goyito /
_rManuel Méndez Ballester.
650 4 _aTeatro puertorriqueño
_94514
650 4 _aLiteratura puertorriqueña
_ySIGLO XX
_95311
700 1 _aMarqués, René
_940481
700 1 _aRechani Agrait, Luis
_947611
700 1 _aArriví, Francisco
_938507
700 1 _aMéndez Ballester, Manuel
_925527
910 _aWM
049 _aBNGR
999 _c22625
_d22625